00458nam a2200145Ia 4500003000400000005001700004008004100021040000900062082001800071100003900089245004400128260004700172630002800219650006500247OSt20220830040251.0211109s9999||||xx |||||||||||||| ||und|| csbcl a822.33bSHA-V aHorace Howard FurnessaShakespeare 0aThe Tragedies of Anthonie and Cleopatra bJ b Lippincott CompanyaPhiladelphiac2008 xPOST GRADUATE REFERENCE aEnglish & Old English literaturesvEnglish DramaxLiterature